Narcotic - Liquido (All Lyrics) - Statistics

General Stats
  • This quiz has been taken 20 times
  • The average score is 205 of 266
Answer Stats
Answer % Correct
go
100%
i
100%
I
100%
my
100%
the
100%
Will
100%
will
100%
you
100%
a
93%
let
93%
name
93%
name,
93%
no
93%
to
93%
cry
86%
don't
86%
Don't
86%
in
86%
is
86%
me
86%
me,
86%
mind
86%
mind,
86%
need
86%
smile
86%
So
86%
so
86%
There
86%
there
86%
with
86%
an
79%
and
79%
And
79%
be
79%
face
79%
If
79%
it
79%
kiss?
79%
more
79%
than
79%
think
79%
this
79%
cocaine
71%
cozy
71%
for
71%
recall
71%
release
71%
still
71%
Would
71%
would
71%
your
71%
all
64%
began?
64%
by
64%
careless
64%
consequence?
64%
Did
64%
Jane
64%
Mary
64%
could
57%
down
57%
ever
57%
fail?
57%
fear
57%
Have
57%
have,
57%
I'll
57%
liquid
57%
month
57%
tried
57%
veil?
57%
words,
57%
addicted
50%
called
50%
cracks,
50%
Dazed
50%
hate
50%
how
50%
leave
50%
of
50%
one
50%
pretty
50%
such
50%
wax
50%
you're
50%
bare
43%
devotion,
43%
flesh
43%
night
43%
Now
43%
Oh,
43%
skin
43%
tease
43%
through
43%
delight
36%
draw
36%
from
36%
like
36%
naked
36%
Narcotic
36%
sweet
36%
blame
29%
Fit
29%
out
29%
stuff
29%
touched
29%
rather
21%
shaped
21%
thrills
21%
trifle's
21%
Calls
14%
crater
14%
he'd
14%
that
14%
lazed
7%
No matching quizzes found
Score Distribution
Percent of People with Each Score
Percentile by Number Answered
Your Score History
You have not taken this quiz